000 002640000a22000970004500
100 1 _aMurray, John J.
245 1 0 _aHave miraculous gifts ceased?
300 _aVol. 3, Num 2 (1985), Páginas 55-59
773 0 _tScottish Bulletin of Evangelical Theology
942 _cANA
999 _c55666
_d55666